000 01405nam a2200361 a 4500
001
003 DO-SdBNP
005 20220316091748.0
008 090720s2008 dr 000 0dspa d
020 _a9789945020410
020 _a9789945020403
020 _a9789945020427
020 _a9789945020434
040 _aDO-SdBNP
_bspa
_cBPMSU
082 _aRD868.3
_bG182t 2008
_222
100 _aGalván, Manuel de J.
_q(Manuel de Jesús)
_d1834-1910
245 1 0 _aTextos reunidos /
_cManuel de Jesús Galván ; editor Andrés Blanco Díaz.
260 _aSanto Domingo :
_bArchivo General de la Nación,
_c2008.
300 _a4 v. ;
_c23 cm.
490 0 _aArchivo General de la Nación,
_v56-59
500 _aIncluye índice onomástico
505 2 _gv.1.
_tEscritos políticos iniciales --
_gv.2
_tEnsayos --
_gv.3
_tArtículos y controversia histórica --
_gv.4
_tCartas, ministerios y misiones diplomáticas
590 _aInventariado, 2022/VM
600 1 4 _aGalván, Manuel de J.
_q(Manuel de Jesús)
_d1834-1910
650 4 _aEnsayos dominicanos
_vColecciones
651 4 _aRepública Dominicana
_xPolítica y gobierno
651 4 _aRepública Dominicana
_xHistoria
_vFuentes
651 4 _aRepública Dominicana
_xHistoria
_y1844-1930
700 1 _aBlanco Díaz, Andrés
_eeditor
710 2 _aArchivo General de la Nación (República Dominicana)
910 _a VMateo V.
942 _2ddc
_cMP
999 _c14083
_d14083